| 000 | 00769nam a2200205 i 4500 | ||
|---|---|---|---|
| 001 | 100199 | ||
| 003 | ES-MaACL | ||
| 005 | 20251003151507.0 | ||
| 007 | t| | ||
| 008 | 050922s1944 sp ||||1| spa d | ||
| 100 | 1 |
_aMarx, Hermann. _978587 |
|
| 245 | 1 | 0 |
_aManual de las enfermedades del oido / _cpor el Dr. Hermann Marx; traducido del alemán por los Doctores Antonio García-Tapia Hernando, Rafael García-Tapia Hernando y Jesús Bartolomé Iraeta. |
| 260 |
_aMadrid : _bEspasa-Calpe, _c1944. |
||
| 300 |
_a769 p. : _bil. ; _c26 cm. |
||
| 700 | 1 |
_aGarcía Tapia, Antonio, _d1875-1950 _955318 |
|
| 700 | 1 |
_aBartolomé Iraeta, Jesús. _926170 |
|
| 700 | 1 |
_aGarcía-Tapia Hernando, Rafael. _9153229 |
|
| 852 |
_aES-MaACL _jE-6 _bR.21521 |
||
| 999 |
_c100199 _d100199 |
||